000 00719nam a2200229Ia 4500
008 220204s9999 xx 000 0 und d
082 _a581.1:061.3(540)1988
_bPRO.2;1
245 0 _aProceedings of the International congress of plant physiology. New Delhi. Feb 15-20 1988. V 2
260 _aDelhi
_bSociety for plant physiology and biochemistry
_c1990
650 _aBiochemistry
650 _aCrop Productivity
650 _aMicronutrients
650 _aNutrition
650 _aPlant growth regulators
650 _aPlant physiology
650 _aPost harvest physiology
650 _aSalinity stress
650 _aSeed physiology
650 _aTemperature stress
650 _aWater stress
942 _cBK
999 _c40261
_d40261